000 01004cam a2200229 4500
001 J125491
008 040319n2004 000 0 eng u
035 _a(Sirsi) u125491
041 _aeng
050 _a333.0062
_c18
100 _aBrooke, Nicholas
245 _aBrooke Review Commitee
_boverview and key issues - a personal assessment
260 _a[S.I.]
_bRICS
_c2004
490 _aRICS Brooke Review
520 _aRICS President Nick Brooke summarises key issues that RICS needs to address to move forward. These include communication to members, local activity, faculties, queries and complaints, role as a professional body, and value for money. Supporting documentation for Brooke Review Commitee meeting, 12 January 2004.
650 _aRICS MEMBERSHIP
650 _aRICS BROOKE REVIEW
690 _aRICS NEWS
710 _aRoyal Institution of Chartered Surveyors
_bGovernance and Corporate Management
_94171
710 _aRoyal Institution of Chartered Surveyors
_94900
942 _n0
999 _c103410
_d103410